000 00441nam a2200145 i 4500
001 94679
003 ES-MaACL
007 t|
008 050511s1967 fr ||||1| fre d
100 1 _aLoverdo, Costa de.
_974364
245 1 4 _aLes maquis rouges des Balkans, 1941-1945 (Grèce-Yougoslavie-Albanie) /
_cCosta de Loverdo.
260 _aParis :
_bStock,
_c1967.
300 _a388 p., 12 lám. ;
_c22 cm.
852 _aES-MaACL
_jL-6293
_bR.106532
999 _c94679
_d94679